000 00294nam a22001337a 4500
003 SGT
082 _a320.954
_bD99D
100 _aDHARAMPAL
245 _aDESPOLIATION AND DEFLAMING OF INDIA
260 _bBHARAT PEETHAM
_c1999
300 _a222
650 _aPOLITICAL SCIENCE
942 _2ddc
_cBK
999 _c28634
_d28634